Bauen in Holz und Stein /

Uložené v:
Podrobná bibliografia
Hlavný autor: Werner, E. (Author)
Médium: Kniha
Jazyk:German
Vydané: Berlin : Technik, 1951.
Vydanie:1. Aufl.
ISBN: (viaz.)
Fyzický popis: 308 s.
Tagy: Pridať tag
Žiadne tagy, Buďte prvý kto otaguje tento záznam!

MARC

LEADER 00000nam a2200000 a 4500
001 000215263
005 20101104165542.0
008 040101s1951 gw e gerod
020 |a (viaz.)  |c Kčs 273,00 
040 |a SVKKK  |b slo  |c SVKKK  |e AACR2 
041 0 |a ger 
044 |a gw  |c DE 
100 1 |a Werner, E.  |4 aut 
245 1 0 |a Bauen in Holz und Stein /  |c E. Werner. 
250 |a 1. Aufl. 
260 |a Berlin :  |b Technik,  |c 1951. 
300 |a 308 s. 
910 |a svkkk 
998 |a BK 
090 |g SCKHL  |k Sklad Pribinova 3. posch.  |a V.6583  |j 12554  |i 2720873404  |s Prezenčne